| 000 | 00535nam a2200145 a 4500 | ||
|---|---|---|---|
| 008 | 120416s1975 ||||||||||||||||| || u | ||
| 050 | _aHF 5635 Gam | ||
| 100 | _aGambling, Trevor | ||
| 245 | 1 | 0 | _aModern accounting |
| 246 | _aaccounting as the information system for technological change | ||
| 260 |
_aLondon _bMacmillan _c[1975 (1979)] |
||
| 300 | _aix, 208p. | ||
| 350 | _a0.00 | ||
| 995 |
_D0.00 _FCBU-MAIN LIBRARY (Kitwe) _H1 _I0.00 _UAVAILABLE _ZAnnex Low-Usage Collection |
||
| 999 |
_c51401 _d51401 |
||